000 00889nam a2200217 4500
008 040206s1996 miu b 001 0 eng
020 _a0802841872 :USD15.00
090 _aBS2417.K5
_bC43p
100 1 _aChilton, Bruce.
245 1 0 _aPure kingdom :
_bJesus' vision of God /
_cBruce Chilton.
260 _aGrand Rapids, Mich. :
_bEerdmans ;
_aLondon :
_bSociety for Prommoting Christian Knowledge,
_c1996.
300 _ax, 178 p. ;
_c23 cm.
490 1 _aStudying the historical Jesus
504 _aIncludes bibliographical references and indexes.
600 1 4 _aJesus Christ
_xTeachings.
650 4 _aBible. N.T. Gospels
_xCriticism, interpretation, etc.
650 4 _aBible. O.T. Psalms
_xCriticism, interpretation, etc.
650 4 _aGod
_xBiblical teaching.
650 4 _aKingdom of God
_xBiblical teaching.
951 _p19535
_x00005423
_oBS2417.K5/C43p
_j070613111337078
_d2000-12-21
_cGC
999 _c18918
_d18918